000 00287nam a2200121Ia 4500
008 190216s9999||||xx |||||||||||||| ||und||
100 _aSteurat H King
245 0 _aNine Short Stories
260 _bBlacke & Son
_c1975
300 _a127p
650 _aEnglish Short Stories
942 _cBK
999 _c13083
_d13083